| 000 | 00565nam a2200169 i 4500 | ||
|---|---|---|---|
| 001 | 40516 | ||
| 003 | ES-MaACL | ||
| 005 | 20230906160237.0 | ||
| 007 | t| | ||
| 008 | 030306s1873 sp d |||| | spa d | ||
| 100 | 1 |
_aCarrión, Joaquín. _935800 |
|
| 245 | 1 | 0 |
_aDiccionario de sinónimos o sea la propiedad del lenguaje filosófico / _cpor Joaquín Carrión. |
| 260 |
_aMadrid : _b[s.n., _c1873] ( _fViuda de Aguado e hijo) |
||
| 300 |
_a115 p. ; _c22 cm. |
||
| 650 | 0 | 4 |
_aLengua española- _xSinónimos y antónimos- _vDiccionarios. _914187 |
| 852 |
_aES-MaACL _jB-3522 |
||
| 999 |
_c40516 _d40516 |
||